000 01014nam a22002537i 4500
999 _c22810
_d22810
003 AR-CdUCM
008 240326b20222022pe ||||| |||| 00| 0 spa d
020 _a978-612-5031-18-1
040 _aMUNICIPALIDAD PROVINCIAL DEL CUSCO
_cBIBLIOTECA MUNICIPAL DEL CUSCO
041 _hspa
082 _a869.57 / A47
_bA47
100 _aÁlvarez Fernández, Edwing
_949521
245 _aSolitarios :
_bUn exponente de la narrativa arequipeña de los noventa /
260 _aArequipa :
_bUniversidad Católica de Santa María,
_c2022
300 _a379 páginas. :
_c23 cm.
505 _aSolitarios por solitarios -- La generación de los noventa -- Cuentos, brevicuentos, crónicas de viajes, poemas y canciones -- Los otros solitarios
700 _aCoaguila Valdivia, Jaime
_949515
700 _aDe Taboada Amat y León, Javier
_949517
700 _aDías Butrón, Max
_949518
700 _aPacheco Abarca, Luis
_949519
700 _aZevallos Delgado, Gilmar
_949520
942 _2ddc
_cLIBROS
945 _apbj
_d26-03-2024